00566pab a2200181 454500008004000000100001800040245009900058260000900157300001200166362000800178650002100186650002000207650003900227650004300266650001600309700002300325773003600348180718b2006 xxu||||| |||| 00| 0 eng d aSarswat, S.P. aAgricultural input subsidies for SC/ST farmers in Himachal Pradesh: quantum, impact and policy c2006 ap.3-11. aApr aScheduled tribes aScheduled caste aFarmers - India - Himachal Pradesh aAgriculture - India - Himachal Pradesh aAgriculture aDahiya, Prem Singh aAgricultural Situation in India